| 000 | 00538nam a2200169Ia 4500 | ||
|---|---|---|---|
| 003 | GCL | ||
| 008 | 140319s9999 xx 000 0 ara d | ||
| 040 |
_aGCL / _cGCL |
||
| 082 | 0 | 4 |
_a860.6 _bا ا |
| 100 | 1 | _aاونيل، يوجين | |
| 245 | 1 | 0 |
_aالينبوع : مسرحية فى ثلاث فصول / _cاونيل، يوجين |
| 700 | 1 | _aصلاح عز الدين | |
| 490 |
_aمكتبة الفنون الدرامية _v0 |
||
| 650 | 0 | 4 | _aالمسرح - اسبانيا |
| 650 | 0 | 4 | _aاسبانيا - المسرح |
| 942 |
_2ddc _cBK |
||
| 999 |
_c50561 _d50561 |
||